Dani fernandez - Estadísticas

Estadísticas generales
  • Esta prueba ha sido intentada 31 veces
  • La puntuación promedio es 13 de 38
Estadísticas de respuestas
Respuesta % Correcto
Bailemos
74%
Clima tropical
70%
Disparos
70%
si tus piernas
70%
Todo cambia
65%
dile a los demás
61%
Te esperare toda la vida
61%
Puñales
52%
sin vergüenza
43%
Criminal
39%
No te pido que vuelvas
39%
Solo tienes que avisar
39%
supersubmarina
39%
frio
35%
Perdido en Madrid
35%
y te diré
35%
6 de septiembre
30%
Ahora
30%
Miedo
30%
Soldadito de hierro
30%
En llamas
26%
lo siento
26%
Luces de ciudad
26%
plan fatal
26%
Vertigo
26%
El lenguaje de los coleteros
22%
Grace
22%
guarda una parte
22%
La noche suena
17%
Maria
17%
perdón por no llamar
17%
Piedra y Cristal
17%
San Blas
17%
artificial
13%
Por si regresas
13%
Reina del jäger
13%
sin mirar
13%
Rock`n rolles de chiquillos
9%
No se encontraron pruebas coincidentes
Distribución de puntuación
Porcentaje de gente con cada puntuación
Porcentaje por número respondido
Historial de tus puntuaciones
No has intentado esta prueba.